Estatuts de l'Ateneu Igualadí de la Classe Obrera
Publicado:
[s.l., s.n :
1933
Descripción Física:
38 p. ; 10 cm
MARC
| LEADER | 00000nam a2200000Ia 4500 | ||
|---|---|---|---|
| 001 | 11691 | ||
| 003 | BGR | ||
| 005 | 20260410113710.0 | ||
| 008 | 160829s1933] xx 000 0 cat d | ||
| 080 | |a RF-12-98 | ||
| 110 | 2 | |a Ateneu Igualadí de la Classe Obrera |9 70534 | |
| 245 | |a Estatuts de l'Ateneu Igualadí de la Classe Obrera | ||
| 260 | |a [s.l., s.n., |c 1933] | ||
| 300 | |a 38 p. ; |c 10 cm | ||
| 590 | |a Prové de Q-275, exp. 60 | ||
| 650 | |a Ateneu Igualadí de la Classe Obrera |x Estatuts |9 46936 | ||
| 856 | 4 | |u https://media.diba.cat/diba/fitxers/arxiu/fulletons/bib_11691_1933_baixa.pdf |y Accés lliure | |
| 856 | 4 | |u https://media.diba.cat/diba/fitxers/arxiu/fulletons/bib_11691_1933_baixa.pdf |y Accés lliure | |
| 900 | |a bib_11691_1933_baixa.pdf | ||
| 901 | |a Arxiu | ||
| 942 | |n 1 |2 udc |c MON | ||
| 952 | |0 0 |1 0 |4 0 |6 RF1298 |7 1 |9 53544 |a Arxiu |b Arxiu |d 2016-12-01 |l 0 |o RF-12-98 |p 11691 |r 2016-12-01 00:00:00 |w 2016-12-01 |y ARXIU | ||
| 999 | |c 57410 |d 57410 | ||